[Event "Clarin GP-f"]
[Site "Villa Gesell"]
[Date "1997.03.08"]
[Round "6"]
[White "Zarnicki, Pablo"]
[Black "Hoffman, Alejandro"]
[Result "0-1"]
[WhiteElo "2560"]
[BlackElo "2480"]
[PlyCount "164"]
[EventDate "1997.03.02"]
[Source "ChessBase"]

1. e4 c5 2. Nf3 d6 3. d4 cxd4 4. Nxd4 Nf6 5. Nc3 g6 6. Be3 Bg7 7. f3 Nc6 8. Qd2 Bd7 9. O-O-O Rc8 10. g4 Ne5 11. h4 h5 12. g5 Nh7 13. Kb1 O-O 14. f4 Ng4 15. Bg1 e5 16. Ndb5 exf4 17. Qxf4 a6 18. Nxd6 Rxc3 19. bxc3 Qa5 20. Bd4 Be6 21. Nc4 Qa4 22. Bxg7 Kxg7 23. Ne3 Qxa2+ 24. Kc1 Qa3+ 25. Kd2 Rc8 26. Bd3 Qxc3+ 27. Ke2 Nf8 28. Rb1 b5 29. Rhf1 Nd7 30. Nxg4 Bxg4+ 31. Kf2 Ne5 32. Qf6+ Kg8 33. Kg2 Be6 34. Ra1 Nxd3 35. Qxc3 Rxc3 36. cxd3 Rxd3 37. Rfc1 Rd6 38. Rc7 b4 39. Ra7 b3 40. R7xa6 Rd2+ 41. Kg3 Rd3+ 42. Kf2 b2 43. Rb1 Rh3 44. Rb6 Rxh4 45. Ke3 Rg4 46. Rb5 Bd7 47. Rd5 Bc6 48. Rd8+ Kg7 49. Rxb2 Rxg5 50. Rb6 Rg3+ 51. Kd4 Ba4 52. Ra8 Bc2 53. Rb2 Bd1 54. Rbb8 Bg4 55. Rh8 Kf6 56. Ra5 Be6 57. Rb5 Rh3 58. Ra8 h4 59. Ra1 g5 60. Rf1+ Kg6 61. Rb8 Kg7 62. Ke5 Rg3 63. Rd1 Ra3 64. Rdd8 Ra5+ 65. Kd6 Kf6 66. Rh8 Ra6+ 67. Kc5 Ke5 68. Rbg8 f6 69. Rg6 Bd7 70. Rh7 Rc6+ 71. Kb5 Be8 72. Rgg7 Re6+ 73. Kc5 Bc6 74. Rh6 Bxe4 75. Rg8 Bg2 76. Rxh4 gxh4 77. Rxg2 Kf4 78. Kd4 h3 79. Rg6 h2 80. Rh6 Kg3 81. Kd3 f5 82. Rh8 Rg6 0-1

[Event "Linares"]
[Site "?"]
[Date "1997.??.??"]
[Round "?"]
[White "Rodriguez, Am"]
[Black "Hoffman, A."]
[Result "1-0"]
[WhiteElo "2555"]
[BlackElo "2480"]
[PlyCount "107"]
[EventDate "1997.??.??"]
[Source "ChessBase"]
[SourceDate "1996.10.01"]

1. e4 c5 2. Nf3 d6 3. d4 cxd4 4. Nxd4 Nf6 5. Nc3 g6 6. Be3 Bg7 7. f3 Nc6 8. Qd2 Bd7 9. O-O-O Rc8 10. g4 Ne5 11. Kb1 O-O 12. h4 b5 13. h5 Nxf3 14. Nxf3 Bxg4 15. Be2 b4 16. Nd5 Nxe4 17. Qxb4 e6 18. Qxe4 Bf5 19. Qxf5 exf5 20. Bxa7 Ra8 21. Bd4 Re8 22. Bc4 Re4 23. hxg6 hxg6 24. Rh2 Bxd4 25. Nxd4 Rh4 26. Rg2 Rg4 27. Rh2 Rh4 28. Re2 Re4 29. Red2 Kg7 30. b4 Qh4 31. Bb3 f4 32. a4 Re1 33. a5 Qh1 34. c3 g5 35. Rxe1 Qxe1+ 36. Rd1 Qe5 37. Rf1 Qe4+ 38. Ka1 Rc8 39. Rd1 Kf8 40. a6 f3 41. b5 f2 42. b6 Ra8 43. b7 Rxa6+ 44. Kb2 Rb6 45. Nxb6 Qxb7 46. Nd5 Qa6 47. Ne3 Qb7 48. Kc2 Qe4+ 49. Kd2 g4 50. Ndf5 Qf4 51. Bd5 g3 52. Ke2 Qe5 53. Rd4 Kg8 54. Nxg3 1-0

[Event "Oresund"]
[Site "Oresund"]
[Date "1992.??.??"]
[Round "7"]
[White "Hellers, Ferdinand"]
[Black "Ernst, Thomas"]
[Result "1-0"]
[WhiteElo "2500"]
[BlackElo "2535"]
[PlyCount "85"]
[EventDate "1992.??.??"]
[Source "www.chesslib.no"]
[SourceDate "2004.05.04"]

1. e4 c5 2. Nf3 d6 3. d4 cxd4 4. Nxd4 Nf6 5. Nc3 g6 6. Be3 Bg7 7. f3 Nc6 8. Bc4 Qb6 9. Nf5 Qxb2 10. Nxg7+ Kf8 11. Nd5 Kxg7 12. Rb1 Qa3 13. Qd2 h5 14. O-O Qa5 15. c3 Nxd5 16. exd5 Ne5 17. Bd4 f6 18. Rfe1 Nxc4 19. Rxe7+ Kf8 20. Qf4 Bf5 21. Rbxb7 Ne5 22. Be3 Kg8 23. Rg7+ Kf8 24. Rge7 Kg8 25. Rg7+ Kf8 26. Rxg6 Qxd5 27. Rxf6+ Ke8 28. Qxf5 Qxb7 29. Re6+ Kd8 30. Bg5+ Kc8 31. Re7+ Kb8 32. Rxb7+ Kxb7 33. Be7 Rac8 34. Bxd6 Nc4 35. Be5 Nb6 36. Bd4 Rh6 37. h4 Rc7 38. Kh2 Rhh7 39. Kg3 Rce7 40. a4 Nc8 41. a5 Kc7 42. Be5+ Nd6 43. Qg5 1-0

[Event "Cannes 73/268"]
[Site "?"]
[Date "1998.??.??"]
[Round "?"]
[White "Gofshtein, Leonid D"]
[Black "Cebalo, Miso"]
[Result "1-0"]
[WhiteElo "2500"]
[BlackElo "2535"]
[PlyCount "67"]
[EventDate "1998.??.??"]
[Source "ChessBase"]
[SourceDate "1998.06.01"]

1. e4 c5 2. Nf3 d6 3. d4 cxd4 4. Nxd4 Nf6 5. Nc3 g6 6. Be3 Bg7 7. f3 Nc6 8. Qd2 Bd7 9. O-O-O Rc8 10. g4 h5 11. g5 Nh7 12. f4 O-O 13. Be2 Re8 14. Kb1 Nf8 15. f5 Nxd4 16. Bxd4 Bxd4 17. Qxd4 Qa5 18. Nd5 Qa4 19. c4 Bc6 20. fxg6 Nxg6 21. Rhf1 Bxd5 22. exd5 b5 23. b3 Qb4 24. cxb5 Qc3 25. Qxc3 Rxc3 26. Bxh5 Ne5 27. Be2 Rh3 28. Rf2 Rc8 29. Kb2 Kg7 30. Rd2 Kg6 31. Rg2 Kf5 32. Bd1 Nd3+ 33. Rxd3 Rxd3 34. Bg4+ 1-0

[Event "It (Open) Baku AZE"]
[Site "?"]
[Date "2006.05.08"]
[Round "5"]
[White "Guseinov Gadir"]
[Black "Guseinov Elmir"]
[Result "0-1"]
[WhiteElo "2615"]
[BlackElo "2417"]
[PlyCount "146"]
[EventDate "2006.??.??"]
[Source "www.chesslib.no"]
[SourceDate "2004.05.04"]

1. e4 c5 2. Nc3 d6 3. Nf3 Nf6 4. d4 cxd4 5. Nxd4 g6 6. Be3 Bg7 7. f3 Nc6 8. Qd2 Bd7 9. O-O-O h5 10. Bc4 Ne5 11. Bb3 Rc8 12. Bg5 Nc4 13. Bxc4 Rxc4 14. Nb3 a5 15. Qd3 b5 16. Rhe1 a4 17. Nd2 Rc8 18. e5 dxe5 19. Rxe5 Bc6 20. Qxd8+ Rxd8 21. Rc5 b4 22. Rxc6 bxc3 23. bxc3 O-O 24. Ne4 Rc8 25. Rxc8 Rxc8 26. Bxf6 exf6 27. Rd5 f5 28. Nc5 a3 29. Kd2 Bf8 30. Nd3 Bg7 31. Rc5 Bh6+ 32. Kd1 Rb8 33. Ra5 Rb1+ 34. Ke2 Bf8 35. h4 Ra1 36. Nb4 Rg1 37. Kf2 Rh1 38. Rxa3 Rxh4 39. Ra5 Rh1 40. Nd3 Bg7 41. c4 h4 42. a4 Bd4+ 43. Ke2 Rg1 44. Rd5 Rxg2+ 45. Kf1 Rg1+ 46. Ke2 Rg2+ 47. Ke1 Bc3+ 48. Kf1 Rxc2 49. c5 Bd2 50. Re5 Rc3 51. Ke2 Bg5 52. f4 Bf6 53. Re8+ Kg7 54. Kd2 Rc4 55. a5 Bc3+ 56. Ke2 Bxa5 57. Ra8 Bc7 58. Ke3 h3 59. Ra2 g5 60. fxg5 h2 61. Ra1 Rg4 62. Kf2 Rg3 63. Nb4 Rb3 64. Nd5 Be5 65. Rh1 Kg6 66. c6 Rb2+ 67. Ke3 Rc2 68. Nb4 Rc4 69. Nd3 Bc7 70. Ne1 Bf4+ 71. Ke2 Rxc6 72. Nf3 Rc2+ 73. Kf1 Bg3 0-1

[Event "XXIV ECC"]
[Site "Kallithea GRE"]
[Date "2008.10.21"]
[Round "5"]
[White "Macak, S."]
[Black "Henrichs, T."]
[Result "0-1"]
[WhiteElo "2546"]
[BlackElo "2485"]
[PlyCount "84"]
[EventDate "2008.10.17"]
[Source "www.chesslib.no"]
[SourceDate "2004.05.04"]

1. e4 c5 2. Nf3 d6 3. d4 cxd4 4. Nxd4 Nf6 5. Nc3 g6 6. Be3 Bg7 7. f3 Nc6 8. Qd2 Bd7 9. O-O-O Rc8 10. g4 Ne5 11. h4 O-O 12. h5 Qa5 13. hxg6 fxg6 14. g5 Nh5 15. Nb3 Qd8 16. f4 Ng4 17. Bxa7 Bxc3 18. bxc3 Nxf4 19. Qd4 Qc7 20. c4 Ne6 21. Qg1 Nxg5 22. c5 b5 23. Bb6 Qc6 24. Bg2 Ne5 25. Na5 Qa8 26. cxd6 exd6 27. Rxd6 Qb8 28. Rd1 Bg4 29. Rf1 Bf3 30. Bxf3 Ngxf3 31. Qe3 Rf7 32. Rd1 Ng4 33. Qb3 Qxb6 34. Rxh7 Qe3+ 35. Qxe3 Nxe3 36. Rxf7 Kxf7 37. Rd3 Rxc2+ 38. Kb1 Nd2+ 39. Ka1 Nec4 40. Nxc4 bxc4 41. Rd8 c3 42. a4 Nb3+ 0-1

[Event "Villa de Mislata Cerrado-1"]
[Site "Mislata"]
[Date "2001.08.27"]
[Round "8.2"]
[White "Hernandez Guerrero, Gilberto"]
[Black "Romero Holmes, Alfonso"]
[Result "1-0"]
[WhiteElo "2567"]
[BlackElo "2455"]
[PlyCount "79"]
[EventDate "2001.08.20"]
[Source "www.chesslib.no"]
[SourceDate "2004.05.04"]

1. e4 c5 2. Nf3 d6 3. d4 cxd4 4. Nxd4 Nf6 5. Nc3 g6 6. Be3 Bg7 7. f3 a6 8. Qd2 Nbd7 9. g4 b5 10. h4 h5 11. g5 Nh7 12. O-O-O Bb7 13. Nb3 O-O 14. Bd4 Ne5 15. Be2 Rc8 16. Kb1 Re8 17. Rhe1 Nc4 18. Bxc4 Rxc4 19. Nd5 Bxd4 20. Nxd4 Bxd5 21. exd5 Qa8 22. b3 Rc5 23. Nc6 e6 24. Qf4 Rxc6 25. dxc6 d5 26. Qd6 Rd8 27. Qe7 Re8 28. Qb7 Qxb7 29. cxb7 Rb8 30. Rd3 Rxb7 31. Rc3 Nf8 32. Rc6 Ra7 33. Re3 f6 34. f4 b4 35. a3 bxa3 36. Ka2 fxg5 37. fxg5 Rf7 38. Kxa3 Rf2 39. c3 Rh2 40. Rf3 1-0

[Event "Ch St. Petersburg"]
[Site "St. Petersburg (Russia)"]
[Date "2007.05.30"]
[Round "2"]
[White "Anisimov Pavel (RUS)"]
[Black "Yevseev Denis (RUS)"]
[Result "1/2-1/2"]
[WhiteElo "2497"]
[BlackElo "2525"]
[PlyCount "34"]
[EventDate "2007.??.??"]
[Source "www.chesslib.no"]
[SourceDate "2004.05.04"]

1. e4 c5 2. Nf3 d6 3. d4 Nf6 4. Nc3 cxd4 5. Nxd4 g6 6. Be3 Bg7 7. f3 Nc6 8. Qd2 Bd7 9. Bc4 Ne5 10. Bb3 Rb8 11. Nde2 Qa5 12. f4 Nc6 13. O-O-O O-O 14. Kb1 b5 15. Qd3 Nb4 16. Qd2 Nc6 17. Qd3 Nb4 1/2-1/2

[Event "ENG-CHN"]
[Site "London"]
[Date "1997.??.??"]
[Round "3"]
[White "Wang Zili"]
[Black "Ward, Christopher"]
[Result "1/2-1/2"]
[WhiteElo "2530"]
[BlackElo "2490"]
[PlyCount "108"]
[EventDate "1997.04.??"]
[Source "ChessBase"]
[SourceDate "1997.08.01"]

1. e4 c5 2. Nf3 d6 3. d4 cxd4 4. Nxd4 Nf6 5. Nc3 g6 6. Be3 Bg7 7. f3 Nc6 8. Qd2 O-O 9. O-O-O Bd7 10. g4 Rc8 11. h4 Ne5 12. h5 Qa5 13. Kb1 Rxc3 14. Qxc3 Qxc3 15. bxc3 Nxf3 16. Nxf3 Bxg4 17. Bg2 Nxe4 18. Rd3 Nxc3+ 19. Rxc3 Bxc3 20. hxg6 hxg6 21. Bxa7 b6 22. Rh4 Bxf3 23. Bxf3 Rc8 24. Re4 e6 25. Re3 b5 26. Rd3 d5 27. Bd4 b4 28. a4 Ra8 29. Bxc3 bxc3 30. Rd4 Kg7 31. Ka2 Kf6 32. Kb3 Ke5 33. Rd1 f5 34. Re1+ Kd6 35. Rg1 Rg8 36. a5 g5 37. a6 g4 38. Be2 e5 39. Kxc3 g3 40. Rd1 Rc8+ 41. Kb3 Kc5 42. c3 Ra8 43. Kc2 f4 44. Rf1 Rg8 45. Kd2 g2 46. Rg1 e4 47. a7 f3 48. Bxf3 exf3 49. Ke3 Kb6 50. Ra1 Kb7 51. Kxf3 g1=Q 52. a8=Q+ Rxa8 53. Rxg1 Ra3 54. Ke3 Rxc3+ 1/2-1/2

[Event "Finjub30 GM2"]
[Site "Finjub30 GM2"]
[Date "1992.??.??"]
[Round "?"]
[White "Lanc, Alois"]
[Black "Raety, Sakari"]
[Result "1-0"]
[WhiteElo "2590"]
[BlackElo "2425"]
[PlyCount "63"]
[EventDate "1992.??.??"]
[Source "www.chesslib.no"]
[SourceDate "2004.05.04"]

1. e4 c5 2. Nf3 d6 3. d4 cxd4 4. Nxd4 Nf6 5. Nc3 g6 6. Be3 Bg7 7. f3 O-O 8. Qd2 Bd7 9. O-O-O Nc6 10. g4 Rc8 11. h4 Qa5 12. Kb1 Be6 13. a3 Nxd4 14. Bxd4 Rfd8 15. h5 h6 16. hxg6 fxg6 17. Bd3 g5 18. Qf2 Rd7 19. Ne2 b5 20. c3 Rb7 21. Nc1 Qc7 22. Rde1 Bc4 23. e5 dxe5 24. Bxe5 Bxd3+ 25. Nxd3 Qc4 26. Qc2 Rd7 27. Nc1 Qf7 28. Nb3 Nd5 29. Bxg7 Qxg7 30. Re6 Nf6 31. Rd1 Rxd1+ 32. Qxd1 1-0